[Event "FICGS W-ch st1 g06 email"]
[Site "FICGS email"]
[Date "2014.11.01"]
[Round "1"]
[White "Tarmak, Mart"]
[Black "Gibson, Tim"]
[Result "1-0"]
[WhiteElo "2000"]
[BlackElo "1935"]
[PlyCount "105"]
[EventDate "2014.??.??"]
[EventType "tourn (corr)"]
[EventRounds "8"]
[SourceTitle "Corr 2022"]
[Source "ChessBase"]
[SourceDate "2021.10.24"]
[SourceVersion "1"]
[SourceVersionDate "2021.10.24"]
[SourceQuality "1"]

1. e4 g6 2. d4 d6 3. Nc3 Nf6 4. Be3 a6 5. Qd2 b5 6. f3 Nbd7 7. Nge2 Bb7 8. a4 b4 9. Nd1 c5 10. dxc5 dxc5 11. c3 e6 12. Nf2 Be7 13. Nc1 0-0 14. cxb4 cxb4 15. Nb3 Qb8 16. Be2 Rd8 17. Rc1 a5 18. Bb5 Nc5 19. Qc2 Nxb3 20. Qxb3 Ba6 21. Bxa6 Rxa6 22. Qc4 Ra8 23. Ke2 Rc8 24. Qxc8+ Qxc8 25. Rxc8+ Rxc8 26. Rd1 Kf8 27. Bb6 Ra8 28. Rc1 Nd7 29. Be3 Ke8 30. f4 Kd8 31. Kd3 h5 32. e5 g5 33. g3 gxf4 34. gxf4 Ke8 35. Ne4 f6 36. Bd4 fxe5 37. fxe5 Rd8 38. Nd6+ Bxd6 39. exd6 e5 40. Re1 Rc8 41. h4 b3 42. Bxe5 Nc5+ 43. Kc4 Kd7 44. Re3 Kc6 45. Bd4 Kxd6 46. Kb5 Nd7 47. Kxa5 Rb8 48. Rg3 Kd5 49. Bg1 Kc4 50. Rc3+ Kd5 51. Ba7 Rb7 52. Ka6 Rb4 53. a5 1-0

[Event "FICGS W-ch st1 g06 email"]
[Site "FICGS email"]
[Date "2014.11.01"]
[Round "1"]
[White "Zmolil, Josef"]
[Black "Gibson, Tim"]
[Result "1-0"]
[WhiteElo "1319"]
[BlackElo "1935"]
[PlyCount "113"]
[EventDate "2014.??.??"]
[EventType "tourn (corr)"]
[EventRounds "8"]
[SourceTitle "Corr 2022"]
[Source "ChessBase"]
[SourceDate "2021.10.24"]
[SourceVersion "1"]
[SourceVersionDate "2021.10.24"]
[SourceQuality "1"]

1. d4 d5 2. c4 e6 3. Nc3 f5 4. Nf3 Be7 5. Bf4 Nf6 6. e3 0-0 7. Bd3 Nc6 8. 0-0 Nb4 9. Be2 dxc4 10. Bxc4 Nbd5 11. Rc1 c6 12. Be5 Bd7 13. h3 Rc8 14. Be2 b5 15. Qd3 a6 16. Rfd1 Be8 17. a3 Qd7 18. Bh2 Bh5 19. Ne5 Bxe2 20. Nxe2 Qb7 21. Nf4 Nxf4 22. Bxf4 Nd5 23. Bg3 c5 24. dxc5 Rxc5 25. Rxc5 Bxc5 26. e4 fxe4 27. Qxe4 Re8 28. Nd3 Bf8 29. Nf4 Qd7 30. f3 g6 31. Nxd5 exd5 32. Qxd5+ Qxd5 33. Rxd5 Re2 34. Be5 Kf7 35. Kf1 Rc2 36. Bh8 Be7 37. Rd3 h5 38. Rd7 Ke6 39. Ra7 Rc1+ 40. Ke2 Rc2+ 41. Kd3 Rxg2 42. Rxa6+ Kf7 43. Be5 Rf2 44. Ke3 Rf1 45. Ra5 Re1+ 46. Kd4 Rd1+ 47. Ke4 Re1+ 48. Kd5 Rd1+ 49. Kc6 Rc1+ 50. Kxb5 Rh1 51. Ra7 Ke6 52. a4 Rxh3 53. a5 Rxf3 54. Rxe7+ Kxe7 55. a6 Rf5 56. a7 Rxe5+ 57. Kb4 1-0

[Event "FICGS W-ch st1 g05 email"]
[Site "FICGS email"]
[Date "2014.03.03"]
[Round "1"]
[White "Matisz, Gergely"]
[Black "Gibson, Tim"]
[Result "0-1"]
[WhiteElo "1650"]
[BlackElo "1933"]
[PlyCount "154"]
[EventDate "2014.??.??"]
[EventType "tourn (corr)"]
[EventRounds "8"]
[SourceTitle "Corr 2022"]
[Source "ChessBase"]
[SourceDate "2021.10.24"]
[SourceVersion "1"]
[SourceVersionDate "2021.10.24"]
[SourceQuality "1"]

1. Nf3 d5 2. d4 Nf6 3. c4 e6 4. Nc3 Be7 5. Bf4 0-0 6. e3 Nbd7 7. Qc2 c5 8. dxc5 Nxc5 9. Be2 b6 10. 0-0 Bb7 11. Rfd1 Rc8 12. Nd2 Bd6 13. Bxd6 Qxd6 14. b4 Ncd7 15. Qb2 Ne5 16. cxd5 Nxd5 17. Nxd5 Bxd5 18. a4 Rfd8 19. Ba6 Rc6 20. Bb5 Rcc8 21. Nf1 f5 22. f3 Rf8 23. Ng3 f4 24. Nf1 fxe3 25. Nxe3 Ng6 26. Bc4 Qf4 27. Nxd5 Qxc4 28. Rac1 Qh4 29. Qe2 Rce8 30. g3 Qh5 31. Nc7 Re7 32. Rc3 Ne5 33. Rf1 Nf7 34. Kg2 Qf5 35. Rd1 Ng5 36. Nb5 e5 37. Re3 Qh3+ 38. Kh1 Rd7 39. Nd6 Qh5 40. h4 Rfd8 41. Red3 Qg6 42. hxg5 Rxd6 43. Rxd6 Rxd6 44. Qc4+ Qe6 45. Qxe6+ Rxe6 46. Rd7 e4 47. Kg2 exf3+ 48. Kxf3 a5 49. bxa5 bxa5 50. Rd5 Ra6 51. Rf5 Ra8 52. Ke4 h6 53. gxh6 gxh6 54. Kf4 Kg7 55. Rb5 Ra6 56. g4 Rf6+ 57. Kg3 Ra6 58. Kf2 Rf6+ 59. Ke3 Re6+ 60. Kf4 Rf6+ 61. Ke5 Rg6 62. Kf5 Rg5+ 63. Ke4 Rxg4+ 64. Kf5 Rg5+ 65. Kf4 Kg6 66. Ke3 h5 67. Rb6+ Kf7 68. Kf4 Rg4+ 69. Ke3 Rxa4 70. Rb5 h4 71. Kf3 Ra3+ 72. Kg2 a4 73. Rb4 h3+ 74. Kh2 Kf6 75. Rb3 Rxb3 76. Kh1 a3 77. Kg1 a2 0-1